000
00336nam a2200145Ia 4500
008
150201s2009 xx 000 0 und d
082
_a
617.3
_b
O09M
100
_a
MAHESHWARI, J.
245
_a
ESSENTIAL ORTHOPEDICS
250
_a
3RD
260
_b
MEHTA
_a
DELHI
_c
2009
300
_a
1-330
650
_a
ORTHOPAEDICS
942
_2
ddc
_c
BK
_0
128
999
_c
335
_d
335